Statistics of land-grant colleges and universities : (Record no. 52725)
[ view plain ]
| 000 -LEADER | |
|---|---|
| fixed length control field | 01058nas a2200289 a 4500 |
| 001 - CONTROL NUMBER | |
| control field | 52725 |
| 003 - CONTROL NUMBER IDENTIFIER | |
| rucl marc code | BD-RjUL |
| 005 - DATE AND TIME OF LATEST TRANSACTION | |
| control field | 20211209075842.0 |
| 008 - FIXED-LENGTH DATA ELEMENTS--GENERAL INFORMATION | |
| fixed length control field | 160926s1959 dcuar os f0 a0eng d |
| 035 ## - SYSTEM CONTROL NUMBER | |
| System control number | BD-RjUL52845 |
| System control number | (OCoLC)570855227 |
| 040 ## - CATALOGING SOURCE | |
| Original cataloging agency | OCLCE |
| Language of cataloging | eng |
| Transcribing agency | OCLCE |
| 041 ## - LANGUAGE CODE | |
| Language code of text/sound track or separate title | eng |
| 082 ## - DEWEY DECIMAL CLASSIFICATION NUMBER | |
| Edition number | 23 |
| Classification number | 378.996 |
| Author mark and year | UNS 1959 |
| 110 1# - MAIN ENTRY--CORPORATE NAME | |
| Corporate name or jurisdiction name as entry element | United States. |
| Subordinate unit | Office of Education. |
| 9 (RLIN) | 157878 |
| 245 10 - TITLE STATEMENT | |
| Title | Statistics of land-grant colleges and universities : |
| Remainder of title | Year ended june 30, 1957 / |
| 260 ## - PUBLICATION, DISTRIBUTION, ETC. (IMPRINT) | |
| Place of publication, distribution, etc. | [Washington, D.C. : |
| Name of publisher, distributor, etc. | U.S. Govt. Print. Office, |
| Date of publication, distribution, etc. | 1959 |
| 300 ## - PHYSICAL DESCRIPTION | |
| Pagination | 101 p. : |
| Illustrations | ill. ; |
| Size | 26 cm. |
| 500 ## - GENERAL NOTE | |
| General note | Title varies. |
| 650 #0 - SUBJECT ADDED ENTRY--TOPICAL TERM | |
| Topical term or geographic name as entry element | Agricultural colleges |
| Geographic subdivision | United States. |
| 9 (RLIN) | 157685 |
| Topical term or geographic name as entry element | Technical education |
| Geographic subdivision | United States |
| Form subdivision | Statistics. |
| 9 (RLIN) | 157686 |
| Topical term or geographic name as entry element | State Universities and colleges |
| Geographic subdivision | United States |
| Form subdivision | Statistics. |
| General subdivision | |
| 9 (RLIN) | 157687 |
| 700 ## - ADDED ENTRY--PERSONAL NAME | |
| Personal name | Lind, George, |
| 856 40 - ELECTRONIC LOCATION AND ACCESS | |
| Materials specified | HathiTrust Digital Library |
| Uniform Resource Identifier | <a href="http://catalog.hathitrust.org/api/volumes/oclc/3859814.html">http://catalog.hathitrust.org/api/volumes/oclc/3859814.html</a> |
| 942 ## - ADDED ENTRY ELEMENTS (KOHA) | |
| Source of classification or shelving scheme | Dewey Decimal Classification |
| Koha item type | Books |
| Lost status | Source of classification or shelving scheme | Damaged status | Not for loan | Collection code | Permanent Location | Current Location | Shelving location | Date acquired | Source of acquisition | Cost, normal purchase price | Total Checkouts | Full call number | Date last seen | Copy number | Koha item type |
|---|---|---|---|---|---|---|---|---|---|---|---|---|---|---|---|
| Dewey Decimal Classification | Non-fiction | Central Library, University of Rajshahi | Central Library, University of Rajshahi | 30/07/1964 | Zeetlinger | 10.00 | 378.996 UNS 1959 | 26/09/2016 | C-2 | Books |